000 00349nam a2200133Ia 4500
008 240624s9999 xx 000 0 und d
041 _aeng
082 _a303.49 HAN
100 _aHANDY CHARLES
245 _aEMPTY RAINCOAT MAKING SENSE OF THE FUTUR
260 _c1995
_aLondon
_bRandom House Business Books
300 _a288 : p.
365 _cGBP
_b30
999 _c25345
_d25345